Manual of housing law (Record no. 107105)

MARC details
000 -LEADER
fixed length control field 01753cam a22002895a 4500
001 - CONTROL NUMBER
control field L138290
008 - FIXED-LENGTH DATA ELEMENTS--GENERAL INFORMATION
fixed length control field 070525s2007 xxk f 001 0 eng d
020 ## - INTERNATIONAL STANDARD BOOK NUMBER
International Standard Book Number 1847030696
-- 9781847030696
035 ## - SYSTEM CONTROL NUMBER
System control number (Sirsi) u138290
041 0# - LANGUAGE CODE
Language code of text/sound track or separate title eng
050 04 - LIBRARY OF CONGRESS CALL NUMBER
Classification number 306.026 $2 18
100 1# - MAIN ENTRY--PERSONAL NAME
Personal name Arden, Andrew
245 00 - TITLE STATEMENT
Title Manual of housing law
250 ## - EDITION STATEMENT
Edition statement 8th ed.
260 ## - PUBLICATION, DISTRIBUTION, ETC.
Place of publication, distribution, etc. London
Name of publisher, distributor, etc. Sweet and Maxwell
Date of publication, distribution, etc. 2007
300 ## - PHYSICAL DESCRIPTION
Extent lxxv, 531p.
Dimensions 22cm.
350 ## - PRICE (NR) (BK AM CF MU VM SE) [OBSOLETE]
Price 49
505 2# - FORMATTED CONTENTS NOTE
Formatted contents note The classes of occupation -- Owner-occupation -- Housing Act secure tenancies -- Housing Act assured tenancies -- Rent Act protected tenancies -- Limited security -- Occupation without security -- Harassment, illegal eviction and other antisocial behaviour -- Break-up of a relationship -- Homelessness and allocations -- Disrepair -- Housing Acts: disrepair and improvement -- Disrepair under environmental law -- Overcrowding, HMOs and other Local Authority powers
520 ## - SUMMARY, ETC.
Summary, etc. Identifies the principal housing rights of tenants and other occupiers. Outlines and examines the law affecting residential property occupation. Covers security of tenure, security, harassment and eviction issues, household break-ups, homelessness and allocations, disrepair and overcrowding of houses of multiple occupation. Covers recent legislative changes including the Housing Act 2004 and the Anti-Social Behaviour Act 2003. Aimed at practitioners needing to keep up to date with legislative changes and case law developments.
590 ## - LOCAL NOTE (RLIN)
Local note KA
650 24 - SUBJECT ADDED ENTRY--TOPICAL TERM
Topical term or geographic name entry element HOUSING ACT 2004
650 24 - SUBJECT ADDED ENTRY--TOPICAL TERM
Topical term or geographic name entry element ANTI-SOCIAL BEHAVIOUR ACT 2003
651 #4 - SUBJECT ADDED ENTRY--GEOGRAPHIC NAME
Geographic name England and Wales
Chronological subdivision 1543-
690 ## - LOCAL SUBJECT ADDED ENTRY--TOPICAL TERM (OCLC, RLIN)
Topical term or geographic name as entry element PROPERTY-RESIDENTIAL PROPERTY-DOMESTIC RESIDENTIAL PROPERTY-HOUSING
700 1# - ADDED ENTRY--PERSONAL NAME
Personal name Dymond, Andrew
942 ## - ADDED ENTRY ELEMENTS (KOHA)
Suppress in OPAC 0
Holdings
Withdrawn status Lost status Source of classification or shelving scheme Damaged status Not for loan Home library Current library Shelving location Date acquired Cost, normal purchase price Total Checkouts Full call number Barcode Date last seen Date last checked out Copy number Cost, replacement price Price effective from Koha item type
    Dewey Decimal Classification     London London Books 15/10/2007 49.00 7 306.026 ARD 30074299 06/08/2019 28/10/2009 1 49.00 06/08/2019 Book